00825nam a2200193 i 4500001000700000003000900007005001700016007000300033008004100036100003200077245018300109260003700292300004700329700003400376700005000410852003100460999001900491952012100510103807ES-MaACL20231227192103.0t|051118s1949 sp ||||1| spa d1 aMerritt, H. Houston.98060410aFundamentos de neurología clínica / cpor H. Houston Merrit... Fred A. Mettler... y Tracy Jackson Putnam...; traducción del inglés por el Dr. Francisco Grande Covián... aMadrid : bEspasa-Calpe, c1949. aXII, 326 p. con 1 graf. : bil. ; c25 cm.1 aPutnam, Tracy Jackson.9944351 aGrande Covián, Francisco,d1909-1995959588 aES-MaACLjD-7196 bR.27094 c103807d103807 00104070aATENEOMbATENEOMcSVId2008-01-17eSCl0oD-7196p901108379r2023-02-23 00:00:00w2023-02-23yMONOGRAFIA